书目信息 |
| 题名: |
人像摄影
|
|
| 作者: | 宿志刚 , 崔畅 著 | |
| 分册: | ||
| 出版信息: | 杭州 浙江摄影出版社 2006 |
|
| 页数: | 109页 | |
| 开本: | 25cm | |
| 丛书名: | 北京电影学院摄影专业系列教材 | |
| 单 册: | ||
| 中图分类: | J413 | |
| 科图分类: | ||
| 主题词: | 人像摄影--摄影艺术--高等学校--教材 , 人像摄影 , 摄影艺术 | |
| 电子资源: | ||
| ISBN: | 7-80686-514-4 | |
| 000 | 01038oam2 2200313 450 | |
| 001 | 012007896500 | |
| 005 | 20070516162624.90 | |
| 010 | @a7-80686-514-4@dCNY28.00 | |
| 100 | @a20070430d2006 km y0chiy0120 ea | |
| 101 | 0 | @achi |
| 102 | @aCN@b330000 | |
| 105 | @aa z 000yy | |
| 106 | @ar | |
| 200 | 1 | @a人像摄影@Aren xiang she ying@f宿志刚,崔畅著@Fsu zhi gang,cui chang zhu |
| 205 | @a修订版 | |
| 210 | @a杭州@c浙江摄影出版社@d2006 | |
| 215 | @a109页@c图@d25cm | |
| 225 | 2 | @a北京电影学院摄影专业系列教材 |
| 300 | @a普通高等教育“十一五”国家级规划教材 | |
| 330 | @a本书内容包括:摄影工作室的建立、人像摄影的曝光控制、室内人像的光线造型、石膏摄影用光练习、人像摄影中的各种造型光效、各类人像摄影表现等。 | |
| 461 | 0 | @12001 @a北京电影学院摄影专业系列教材 |
| 606 | 0 | @a人像摄影@x摄影艺术@x高等学校@j教材 |
| 606 | 0 | @a人像摄影 |
| 606 | 0 | @a摄影艺术 |
| 690 | @aJ413@v4 | |
| 701 | 0 | @a宿志刚@Asu zhi gang@c(摄影)@4著 |
| 701 | 0 | @a崔畅@Acui chang@c(女)@4著 |
| 801 | 0 | @aCN@bRULIN@c20070516 |
| 905 | @dJ413@e195@s6 | |
| 人像摄影/宿志刚,崔畅著.-修订版.-杭州:浙江摄影出版社,2006 |
| 109页:图;25cm.-(北京电影学院摄影专业系列教材) |
| 普通高等教育“十一五”国家级规划教材 |
| ISBN 7-80686-514-4:CNY28.00 |
| 本书内容包括:摄影工作室的建立、人像摄影的曝光控制、室内人像的光线造型、石膏摄影用光练习、人像摄影中的各种造型光效、各类人像摄影表现等。 |
| ● |
| 相关链接 |
|
|
|
|
正题名:人像摄影
索取号:J413/195
 
预约/预借
| 序号 | 登录号 | 条形码 | 馆藏地/架位号 | 状态 | 备注 |
| 1 | 0571748 | 205717483 | 第一样本阅览室/ [索取号:J413/195] | 在馆 | |
| 2 | 0571749 | 205717492 | 第一借阅区/ [索取号:J413/195] | 在馆 | |
| 3 | 0571750 | 205717508 | 第一借阅区/ [索取号:J413/195] | 在馆 | |
| 4 | 0571751 | 205717517 | 第一借阅区/ [索取号:J413/195] | 在馆 | |
| 5 | 0571752 | 205717526 | 第一借阅区/ [索取号:J413/195] | 在馆 | |
| 6 | 0571753 | 205717535 | 第一借阅区/ [索取号:J413/195] | 在馆 |